000 00992cab a2200313 4500
001 ABS59346
008 090401t1998 xxu||||| |||| 00| 0 eng d
035 _a(Sirsi) u88821
041 _aeng
100 _aBarnes, R.
245 _aKnow your rights
260 _c1998
350 _a0
490 _aBuilding
_v263(8054) 4 September 1998, 40-41(2)
520 _aExamines intellectual property and the rights of professionals who licence clients to use their work. Professionals could find that they lose their fees or rights to their own ideas unless great care is taken in agreeing licences for use.
650 _aCLIENTS
650 _aCONFIDENTIALITY
650 _aCOPYRIGHT
650 _aDRAWINGS
650 _aINTELLECTUAL PROPERTY
650 _aLICENCES
650 _aPLANS
650 _aPROPERTY PROFESSIONALS
650 _aREPORTS
650 _aSOFTWARE
690 _aMANAGEMENT-BUSINESS MANAGEMENT-PROFESSIONAL PRACTICE
942 _n0
948 _c05/10/1998
999 _c56165
_d56165